[Event "Team men HL chess 2018"]
[Site "Sochi"]
[Date "2018.05.08"]
[Round "7.3"]
[White "Barskij, Vladimir"]
[Black "Schekachikhin, Maksim"]
[Result "1/2-1/2"]
[WhiteElo "2386"]
[BlackElo "2400"]
[PlyCount "116"]
[EventDate "2018.05.01"]

1. e4 e6 2. d4 d5 3. exd5 exd5 4. Nf3 Bf5 5. Bd3 Bxd3 6. Qxd3 c6 7. O-O Bd6 8.
Re1+ Ne7 9. Bg5 f6 10. Bh4 O-O 11. Bg3 Bxg3 12. hxg3 Nd7 13. Nbd2 Re8 14. Re2
Ng6 15. Rae1 Rxe2 16. Qxe2 Ndf8 17. c4 dxc4 18. Qxc4+ Qd5 19. Qxd5+ cxd5 20.
Nb1 Kf7 21. Nc3 Rd8 22. Kf1 Ne6 23. Ke2 Ne7 24. Kd3 Nc6 25. a3 a6 26. Rh1 Kg8
27. b4 g5 28. Ne2 Nc7 29. Ne1 Nb5 30. Nc2 Kg7 31. g4 Ne7 32. a4 Nd6 33. Nc3 f5
34. gxf5 Ndxf5 35. Re1 Kf6 36. Rh1 Kg7 37. a5 Nc6 38. Re1 Kf6 39. Na4 Nd6 40.
Nc5 Kf7 41. Ne6 Rg8 42. Nc7 Rd8 43. Ne6 Rg8 44. Nc5 h5 45. Rb1 Kg6 46. Ne3 Rf8
47. f3 Rf4 48. Ne6 Rf6 49. Nc7 Rf4 50. Nc2 Rf5 51. Re1 Kf7 52. Ne6 h4 53. Nc5
h3 54. gxh3 Rxf3+ 55. Re3 Rf2 56. Re2 Rf3+ 57. Re3 Rf2 58. Re2 Rf3+ 1/2-1/2

[Event "Team men HL chess 2018"]
[Site "Sochi"]
[Date "2018.05.08"]
[Round "7.4"]
[White "Vlasenko, Miroslav"]
[Black "Burtasova, Anna"]
[Result "1-0"]
[WhiteElo "2398"]
[BlackElo "2276"]
[PlyCount "111"]
[EventDate "2018.05.01"]

1. d4 Nf6 2. Bg5 Ne4 3. Bf4 c5 4. f3 Nf6 5. d5 Nh5 6. Be3 e5 7. Nc3 d6 8. g4
Nf4 9. Bf2 Be7 10. e3 Ng6 11. Nge2 Nh4 12. Ng3 O-O 13. Bd3 Qb6 14. O-O f5 15.
gxf5 Nxf5 16. Nxf5 Bxf5 17. Bxf5 Rxf5 18. Qd3 g6 19. e4 Rf7 20. b4 Nd7 21. Rab1
Raf8 22. bxc5 Nxc5 23. Qc4 Qc7 24. Bxc5 Bg5 25. Kg2 Be3 26. Rxb7 Qxc5 27. Qxc5
Bxc5 28. Rxf7 Rxf7 29. Rb1 g5 30. Na4 Bd4 31. c3 Be3 32. h3 h5 33. Re1 Bf4 34.
Re2 g4 35. fxg4 hxg4 36. hxg4 Rh7 37. Rb2 Rh2+ 38. Kg1 Rh3 39. Kf2 Kf7 40. Rb7+
Kf6 41. Rxa7 Rh2+ 42. Kf3 Rxa2 43. Ra6 Ke7 44. Nc5 Rc2 45. Ne6 Rxc3+ 46. Kf2
Be3+ 47. Kg2 Rc2+ 48. Kf3 Rc3 49. Ke2 Bd4 50. g5 Re3+ 51. Kf1 Rxe4 52. g6 Rg4
53. g7 Kf7 54. Rxd6 Bc3 55. Rd8 Rxg7 56. Rd7+ 1-0

[Event "Team men HL chess 2018"]
[Site "Sochi"]
[Date "2018.05.08"]
[Round "7.1"]
[White "Sychev, Klementy"]
[Black "Kezin, Roman"]
[Result "0-1"]
[WhiteElo "2550"]
[BlackElo "2445"]
[PlyCount "118"]
[EventDate "2018.05.01"]

1. e4 c5 2. Nf3 e6 3. d4 cxd4 4. Nxd4 Nc6 5. Nc3 Qc7 6. Be3 a6 7. Qd2 Nf6 8.
O-O-O Be7 9. f3 b5 10. Nxc6 dxc6 11. g4 e5 12. h4 Be6 13. Qf2 O-O 14. Bh3 Nd7
15. g5 Bxh3 16. Rxh3 Rfe8 17. h5 Nf8 18. Rg1 Ne6 19. Ne2 Nf4 20. Rhh1 Nxe2+ 21.
Qxe2 Bf8 22. Qh2 Re6 23. Qh3 Rae8 24. Rd1 Rd8 25. g6 Rxd1+ 26. Rxd1 Rd6 27.
gxh7+ Kxh7 28. Qf5+ Kg8 29. Rg1 Re6 30. c3 a5 31. Kb1 Qd8 32. Kc2 Qh4 33. Kb1
Qf6 34. Qg4 Rd6 35. Kc2 a4 36. Rd1 Rxd1 37. Kxd1 Qd8+ 38. Kc2 c5 39. Qg1 c4 40.
Qf1 a3 41. Qb1 Qh4 42. b4 cxb3+ 43. Qxb3 Qh2+ 44. Kd3 Qh1 45. Qc2 Qxf3 46. Qe2
Qh1 47. Bf2 Qh3+ 48. Kd2 Qe6 49. Ke1 Qc6 50. Qd3 Qh6 51. Bg3 Qxh5 52. Qxb5 Qh1+
53. Kf2 Qxe4 54. Qxe5 Qc2+ 55. Qe2 Qxc3 56. Be5 Qc5+ 57. Kf1 Qd5 58. Kg1 Bc5+
59. Kh2 Qe6 0-1

[Event "Team men HL chess 2018"]
[Site "Sochi"]
[Date "2018.05.08"]
[Round "7.3"]
[White "Nikolenko, Oleg"]
[Black "Antonenko, Vladimir"]
[Result "1/2-1/2"]
[WhiteElo "2480"]
[BlackElo "2343"]
[PlyCount "108"]
[EventDate "2018.05.01"]

1. e4 c5 2. Nf3 Nc6 3. d4 cxd4 4. Nxd4 e6 5. Nc3 Qc7 6. g3 a6 7. Bg2 d6 8. O-O
Be7 9. Re1 Bd7 10. Nxc6 Bxc6 11. a4 Nf6 12. a5 Rc8 13. Be3 O-O 14. Bb6 Qb8 15.
Nd5 exd5 16. exd5 Nxd5 17. Bxd5 Bxd5 18. Qxd5 Bf6 19. c3 Rfe8 20. Rad1 Rc6 21.
Re4 Rxe4 22. Qxe4 Qc8 23. Re1 g6 24. Qe8+ Kg7 25. Qxc8 Rxc8 26. Rd1 Rc6 27. Kg2
Kf8 28. Re1 Be7 29. Kf3 Ke8 30. Ke4 Bd8 31. Kd4+ Kd7 32. Bxd8 Kxd8 33. b4 Kd7
34. c4 h5 35. Kd5 Rc8 36. Re4 Rb8 37. Rf4 f5 38. Rf3 Rf8 39. h4 Re8 40. Re3
Rxe3 41. fxe3 Ke7 42. c5 dxc5 43. Kxc5 Kd7 44. Kd5 Kc7 45. Kc5 Kd7 46. Kb6 Kc8
47. b5 axb5 48. Kxb5 Kb8 49. Kc4 Ka7 50. Kb5 Kb8 51. Kb6 Kc8 52. Kc5 Kc7 53.
Kd5 Kd7 54. Ke5 Ke7 1/2-1/2

[Event "Team men HL chess 2018"]
[Site "Sochi"]
[Date "2018.05.08"]
[Round "7.4"]
[White "Gubsky, Egor"]
[Black "Saulin, Dmitri"]
[Result "0-1"]
[WhiteElo "2303"]
[BlackElo "2376"]
[PlyCount "26"]
[EventDate "2018.05.01"]

1. d4 d5 2. c4 dxc4 3. Nf3 Nf6 4. e3 e6 5. Bxc4 c5 6. O-O a6 7. Qe2 Nc6 8. Rd1
Qc7 9. a4 Be7 10. Nc3 O-O 11. dxc5 Bxc5 12. e4 Ng4 13. Rf1 Nd4 0-1

[Event "Team men HL chess 2018"]
[Site "Sochi"]
[Date "2018.05.08"]
[Round "7.1"]
[White "Tekeyev, Zaur"]
[Black "Dulenko, Maxim"]
[Result "1-0"]
[WhiteElo "2378"]
[BlackElo "2143"]
[PlyCount "103"]
[EventDate "2018.05.01"]

1. e4 c5 2. Nf3 d6 3. d4 cxd4 4. Nxd4 Nf6 5. Nc3 a6 6. Nb3 Nbd7 7. g4 b5 8. Bg2
b4 9. Nd5 e6 10. Nxf6+ gxf6 11. a3 bxa3 12. Rxa3 Ne5 13. O-O Rg8 14. h3 h5 15.
Nd4 hxg4 16. Rg3 Bb7 17. hxg4 d5 18. f4 Bc5 19. fxe5 fxe5 20. c3 dxe4 21. Be3
exd4 22. cxd4 Bd6 23. Rh3 Bd5 24. Qa4+ Qd7 25. Qxd7+ Kxd7 26. Rxf7+ Kc6 27. g5
e5 28. Rf6 exd4 29. Bf4 d3 30. Rxd6+ Kc5 31. Rxd5+ Kxd5 32. Rxd3+ Kc4 33. Bxe4
Rae8 34. b3+ Kb4 35. Bb7 Rg6 36. Kf2 a5 37. Kf3 a4 38. bxa4 Kxa4 39. Be4 Rb6
40. Re3 Rf8 41. Kg4 Kb4 42. Bf5 Rg8 43. Re6 Rb7 44. g6 Kc5 45. Kg5 Rh8 46. Re1
Rf8 47. Rc1+ Kd5 48. Rd1+ Kc4 49. Be6+ Kc3 50. Be5+ Kc2 51. Rd7 Rb5 52. Rd5 1-0

[Event "Team men HL chess 2018"]
[Site "Sochi"]
[Date "2018.05.08"]
[Round "7.2"]
[White "Bogachkova, Alena"]
[Black "Nechaev, Oleg"]
[Result "0-1"]
[WhiteElo "2110"]
[BlackElo "2410"]
[PlyCount "66"]
[EventDate "2018.05.01"]

1. e4 c5 2. Nf3 Nc6 3. d4 cxd4 4. Nxd4 Qb6 5. Nb3 Nf6 6. Nc3 e6 7. Qe2 Qc7 8.
g4 d6 9. g5 Nd7 10. Be3 a6 11. O-O-O b5 12. f4 Rb8 13. h4 Nb6 14. Bg2 b4 15.
Bxb6 Qxb6 16. Nd5 exd5 17. exd5+ Ne7 18. Nd4 Kd8 19. Rhe1 Kc7 20. h5 Bd7 21.
Qc4+ Kb7 22. a3 bxa3 23. bxa3 Ka7 24. Rd3 Qc5 25. Qxc5+ dxc5 26. Nc6+ Nxc6 27.
dxc6 Be6 28. c7 Rc8 29. Rd8 Be7 30. Rxh8 Rxh8 31. g6 hxg6 32. hxg6 Bf6 33. gxf7
Bxf7 0-1

[Event "Team men HL chess 2018"]
[Site "Sochi"]
[Date "2018.05.08"]
[Round "7.3"]
[White "Rozhko, Dmitry"]
[Black "Mamedov, Elmin"]
[Result "1-0"]
[WhiteElo "2305"]
[BlackElo "2179"]
[PlyCount "137"]
[EventDate "2018.05.01"]

1. e4 g6 2. d4 Bg7 3. c3 d6 4. Nf3 Nf6 5. Bd3 O-O 6. h3 Nc6 7. O-O e5 8. Re1
Nh5 9. Bg5 f6 10. Be3 Nf4 11. Bf1 g5 12. Na3 Qe7 13. Nh2 Kh8 14. Nc2 f5 15.
dxe5 dxe5 16. b4 Qf7 17. b5 Ne7 18. g3 Ne6 19. Bc4 f4 20. Bc5 b6 21. Ba3 fxg3
22. fxg3 Qf2+ 23. Kh1 Rd8 24. Qe2 Qxe2 25. Rxe2 Nc5 26. Kg2 Bb7 27. Bxc5 bxc5
28. Nf3 h6 29. Nce1 Nc8 30. Nd3 Nb6 31. Nxc5 Nxc4 32. Nxb7 Rdb8 33. Nc5 Rxb5
34. Ne6 Rab8 35. Nxc7 Rb2 36. Rae1 Bf8 37. Nh2 Bc5 38. Nd5 Rb1 39. Rxb1 Rxb1
40. Nf3 a5 41. Ne1 Rd1 42. Kf3 Kg7 43. h4 Rd2 44. hxg5 hxg5 45. Rxd2 Nxd2+ 46.
Kg4 Nxe4 47. Nf3 Bf2 48. Nxg5 Nxg5 49. Kxg5 Bxg3 50. Kf5 Kf7 51. c4 Ke8 52. Ke6
Kd8 53. Nf6 Kc7 54. Ne4 Bh4 55. Kd5 Be7 56. c5 Bh4 57. Nd6 e4 58. Nxe4 Be7 59.
Nc3 Kb7 60. Nb5 Bd8 61. Kd6 Kc8 62. c6 Bb6 63. c7 Kb7 64. Kd7 Bxc7 65. Nxc7 Kb6
66. Kd6 a4 67. a3 Ka5 68. Ne6 Kb5 69. Kd5 1-0

[Event "Team men HL chess 2018"]
[Site "Sochi"]
[Date "2018.05.08"]
[Round "7.4"]
[White "Utiatskaja, Irina"]
[Black "Nuristani, Iman"]
[Result "1/2-1/2"]
[WhiteElo "2159"]
[BlackElo "2132"]
[PlyCount "116"]
[EventDate "2018.05.01"]

1. e4 e6 2. d4 d5 3. Nd2 c5 4. exd5 exd5 5. Ngf3 a6 6. dxc5 Bxc5 7. Nb3 Be7 8.
Be2 Nf6 9. O-O O-O 10. Bg5 Bf5 11. c3 h6 12. Bh4 Nbd7 13. Nfd4 Be4 14. Nc2 Bd6
15. Bg3 Bxg3 16. hxg3 Re8 17. Ne3 Ne5 18. Ng4 Nexg4 19. Bxg4 Bc2 20. Qxc2 Nxg4
21. Qf5 Nf6 22. Rfe1 Qb6 23. Qd3 Re4 24. Re2 Rxe2 25. Qxe2 Re8 26. Qc2 Re4 27.
Nd4 Qc7 28. Qd3 Qe5 29. Nf3 Qf5 30. Rd1 g5 31. Qd2 b5 32. a3 Qe6 33. Nd4 Qc8
34. Nc2 Qe6 35. Ne3 Re5 36. Qd4 Re4 37. Qd2 Re5 38. Qd4 h5 39. Qa7 Re4 40. Kf1
h4 41. gxh4 gxh4 42. Rd4 Kg7 43. Rxe4 dxe4 44. Qd4 h3 45. gxh3 Qxh3+ 46. Ke1
Qh1+ 47. Nf1 Qf3 48. Ng3 Kg6 49. Qe5 Qxf2+ 50. Kxf2 Ng4+ 51. Ke2 Nxe5 52. Nxe4
Nc4 53. b3 Nxa3 54. Nc5 a5 55. Nb7 a4 56. bxa4 bxa4 57. Nc5 Nb5 58. Nxa4 Nxc3+
1/2-1/2

[Event "Team men HL chess 2018"]
[Site "Sochi"]
[Date "2018.05.08"]
[Round "7.1"]
[White "Gusarov, Grigory"]
[Black "Alexeev, Alexey"]
[Result "0-1"]
[WhiteElo "2367"]
[BlackElo "2287"]
[PlyCount "70"]
[EventDate "2018.05.01"]

1. d4 Nf6 2. c4 g6 3. Nc3 d5 4. Bf4 Bg7 5. e3 O-O 6. Rc1 c5 7. dxc5 Qa5 8. Nf3
dxc4 9. Bxc4 Qxc5 10. Bb3 Nc6 11. O-O Qa5 12. Qe2 Nh5 13. Bg5 Bg4 14. Bh4 g5
15. Bg3 Nxg3 16. hxg3 Rad8 17. Rfd1 e6 18. Ne4 h6 19. Rxd8 Rxd8 20. Nc5 Qb6 21.
Na4 Qb4 22. Qe1 Qe7 23. Rd1 Rxd1 24. Bxd1 Qd6 25. Bb3 b5 26. Nc3 b4 27. Qd1 Qe7
28. Na4 Ne5 29. Qc1 Nxf3+ 30. gxf3 Bxf3 31. Qc8+ Bf8 32. Bc2 Qd6 33. Qc4 Qd2
34. Bd3 Qd1+ 35. Bf1 Qxa4 0-1

[Event "Team men HL chess 2018"]
[Site "Sochi"]
[Date "2018.05.08"]
[Round "7.2"]
[White "Truskavetsky, Alexandr"]
[Black "Ozgibcev, Anatoly"]
[Result "1/2-1/2"]
[WhiteElo "2387"]
[BlackElo "2376"]
[PlyCount "82"]
[EventDate "2018.05.01"]

1. d4 d5 2. Bf4 Nf6 3. e3 c6 4. Bd3 Bg4 5. Nf3 e6 6. Nbd2 Nbd7 7. h3 Bh5 8. O-O
Bg6 9. Bxg6 hxg6 10. c4 Bb4 11. Qb3 Bxd2 12. Nxd2 Qb6 13. Qa3 c5 14. cxd5 Nxd5
15. dxc5 Qxc5 16. Bd6 Qxa3 17. Bxa3 b5 18. e4 N5b6 19. Rfc1 f6 20. Bc5 Rc8 21.
Bxb6 Nxb6 22. Rxc8+ Nxc8 23. Rc1 Kd7 24. e5 Nb6 25. Ne4 Nd5 26. Nc3 Rb8 27.
Nxd5 exd5 28. Rc5 Ke6 29. exf6 Kd6 30. Rc3 gxf6 31. Kf1 b4 32. Rf3 Ke5 33. Ke2
Rc8 34. Re3+ Kd6 35. Kd2 g5 36. Rf3 Ke6 37. Re3+ Kd6 38. Rf3 Ke6 39. Re3+ Kd6
40. Rf3 Ke6 41. Re3+ Kd6 1/2-1/2

[Event "Team men HL chess 2018"]
[Site "Sochi"]
[Date "2018.05.08"]
[Round "7.3"]
[White "Dilmukhametov, Artur"]
[Black "Pervakov, Sergey"]
[Result "1-0"]
[WhiteElo "2348"]
[BlackElo "2119"]
[PlyCount "79"]
[EventDate "2018.05.01"]

1. e4 d6 2. d4 Nf6 3. Nc3 g6 4. Bg5 Bg7 5. e5 dxe5 6. dxe5 Ng4 7. Qxd8+ Kxd8 8.
Rd1+ Bd7 9. e6 fxe6 10. Bc4 Ke8 11. Nf3 Nc6 12. O-O Nge5 13. Nxe5 Bxe5 14. Rfe1
Rd8 15. Re2 Kf7 16. Rde1 Bf6 17. Ne4 b5 18. Nxf6 exf6 19. Bxe6+ Bxe6 20. Rxe6
Rd6 21. Bxf6 Rxe6 22. Rxe6 Kxe6 23. Bxh8 Nb4 24. a3 Nxc2 25. Kf1 Kd5 26. Ke2
Kc4 27. f4 c5 28. g4 Kd5 29. f5 gxf5 30. gxf5 Nd4+ 31. Bxd4 cxd4 32. Kd3 Ke5
33. f6 Kxf6 34. Kxd4 Kg5 35. Kc5 Kg4 36. Kxb5 Kh3 37. Ka6 Kxh2 38. Kxa7 Kg1 39.
b4 h5 40. b5 1-0

[Event "Team men HL chess 2018"]
[Site "Sochi"]
[Date "2018.05.08"]
[Round "7.4"]
[White "Illina, Natalia"]
[Black "Pogromsky, Mikhail"]
[Result "1/2-1/2"]
[WhiteElo "2146"]
[BlackElo "2416"]
[PlyCount "118"]
[EventDate "2018.05.01"]

1. e4 c5 2. Nf3 a6 3. g3 d5 4. exd5 Qxd5 5. Nc3 Qe6+ 6. Qe2 Nf6 7. Qxe6 Bxe6 8.
d4 Bg4 9. Ne5 cxd4 10. Nxg4 dxc3 11. Nxf6+ exf6 12. bxc3 Nc6 13. Be3 Bd6 14.
Rb1 O-O-O 15. Bg2 Be5 16. O-O Bxc3 17. Rb3 Bd4 18. Rfb1 Bxe3 19. Rxb7 Rd1+ 20.
Rxd1 Kxb7 21. Rd7+ Kb6 22. fxe3 Ne5 23. Rd6+ Kc5 24. Rxa6 Rd8 25. Be4 Rd1+ 26.
Kf2 Rd2+ 27. Ke1 Rxh2 28. Ra8 g6 29. a4 f5 30. Bb7 Kb6 31. Bd5 Rxc2 32. a5+ Kc7
33. a6 Nd3+ 34. Kd1 Rc5 35. a7 Kb6 36. Bg2 Rc7 37. Rd8 Nb2+ 38. Ke1 Rc1+ 39.
Ke2 Rc2+ 40. Rd2 Rxd2+ 41. Kxd2 Kxa7 42. Bd5 Kb6 43. Bb3 Kb5 44. Kc3 Na4+ 45.
Kd4 Nc5 46. Bxf7 Ne4 47. g4 Nd6 48. Be6 fxg4 49. Bxg4 Kc6 50. Be6 h5 51. Ke5 g5
52. Kf6 Ne4+ 53. Kg6 h4 54. Bh3 Kd6 55. Kf5 Nf2 56. Kxg5 Ke5 57. Kxh4 Nxh3 58.
Kxh3 Ke4 59. Kg3 Kxe3 1/2-1/2

[Event "Team men HL chess 2018"]
[Site "Sochi"]
[Date "2018.05.08"]
[Round "7.1"]
[White "Chigaev, Maksim"]
[Black "Babarykin, Stanislav"]
[Result "1-0"]
[WhiteElo "2565"]
[BlackElo "2379"]
[PlyCount "81"]
[EventDate "2018.05.01"]

1. d4 d5 2. Bg5 f6 3. Bf4 Nc6 4. e3 e5 5. Bg3 Bd6 6. Bb5 exd4 7. Qxd4 Nge7 8.
Qd2 O-O 9. Nc3 Ne5 10. Nf3 c6 11. Be2 Qc7 12. O-O-O Rd8 13. e4 Be6 14. Nd4 Bf7
15. exd5 Bb4 16. Qe3 Bc5 17. d6 Qxd6 18. Ne4 Qd5 19. Nxc5 Qxc5 20. Nf5 Qxe3+
21. Nxe3 Nd5 22. Nf5 Kf8 23. Rhe1 Nb4 24. f4 Nc4 25. a3 Na2+ 26. Kb1 Nxa3+ 27.
bxa3 Nc3+ 28. Kb2 Nxd1+ 29. Bxd1 Rd2 30. Kc3 Rd5 31. Ne3 Ra5 32. Kb2 Rb5+ 33.
Kc1 f5 34. Be2 Rc5 35. Bd3 g6 36. Bf2 Re8 37. Kb2 a6 38. Rd1 Rd8 39. g3 Kg8 40.
Be1 a5 41. Bc3 1-0

[Event "Team men HL chess 2018"]
[Site "Sochi"]
[Date "2018.05.08"]
[Round "7.2"]
[White "Meshkov, Yuri A"]
[Black "Zhurikhin, Alexander"]
[Result "1-0"]
[WhiteElo "2315"]
[BlackElo "2371"]
[PlyCount "125"]
[EventDate "2018.05.01"]

1. d4 f5 2. Nc3 Nf6 3. Bf4 g6 4. Qd2 d6 5. f3 Nbd7 6. O-O-O c5 7. e3 Bg7 8. h3
Nh5 9. Bh2 f4 10. dxc5 Nxc5 11. exf4 Qa5 12. g4 Bxc3 13. Qxc3 Qxc3 14. bxc3 Ng7
15. Bc4 Bd7 16. Ne2 Rc8 17. Bb3 a5 18. Bg1 Rf8 19. Bxc5 Rxc5 20. Rd4 Ne6 21.
Bxe6 Bxe6 22. Kb2 Kd7 23. a3 Rfc8 24. Rhd1 Bc4 25. Ng3 R5c6 26. Re1 Rb6+ 27.
Kc1 Ba2 28. Ne4 Rb5 29. Kd2 h5 30. Ra1 Bg8 31. a4 Rb2 32. Kc1 Rb6 33. Rb1 Rxb1+
34. Kxb1 h4 35. Kc1 Bc4 36. Kd2 Bf1 37. Ke1 Bxh3 38. Kf2 Rc6 39. c4 Rb6 40. Ng5
Bxg4 41. fxg4 Rb4 42. Nf3 Ke6 43. Nxh4 Kf7 44. Nf3 Rxa4 45. Ng5+ Kf6 46. Ne4+
Kf7 47. Ke3 Ra1 48. Nc3 Rg1 49. Kf3 Rc1 50. Rd2 Kf6 51. Nd5+ Kf7 52. Re2 e6 53.
Nc3 b6 54. Kg3 Ra1 55. Kh4 a4 56. Kg5 a3 57. Rh2 Kg7 58. Rd2 Rc1 59. Rxd6 Rxc2
60. Rd7+ Kf8 61. Ne4 a2 62. Ra7 Rxc4 63. Kf6 1-0

[Event "Team men HL chess 2018"]
[Site "Sochi"]
[Date "2018.05.08"]
[Round "7.4"]
[White "Draganov, Ruslan"]
[Black "Kostin, Alexey"]
[Result "0-1"]
[WhiteElo "2159"]
[BlackElo "2291"]
[PlyCount "106"]
[EventDate "2018.05.01"]

1. e4 c5 2. Nf3 e6 3. d4 cxd4 4. Nxd4 a6 5. c4 Nf6 6. Bd3 Nc6 7. Nxc6 dxc6 8.
O-O e5 9. Bg5 Be7 10. Qe2 O-O 11. Nd2 Nd7 12. Bxe7 Qxe7 13. Rad1 Nc5 14. Nb3
Ne6 15. Qe3 a5 16. Be2 a4 17. Nc1 a3 18. b3 Nd4 19. f4 Qc5 20. Kh1 Ne6 21. Qxc5
Nxc5 22. Nd3 Nxe4 23. Nxe5 Nc3 24. Rd2 f6 25. Nf3 Bf5 26. Rc1 Ne4 27. Rd4 c5
28. Rd5 Be6 29. Kg1 Bxd5 30. cxd5 b6 31. Bb5 Nd6 32. Bd7 Rfd8 33. Be6+ Kf8 34.
f5 Nb5 35. Nd2 Nd4 36. Re1 Nxe6 37. fxe6 Rxd5 38. Nc4 Ra6 39. e7+ Ke8 40. Re6
Rd7 41. Nd6+ Rxd6 42. Rxd6 Kxe7 43. Rd3 Ra7 44. Rh3 Rd7 45. Rxh7 Rd1+ 46. Kf2
Rd2+ 47. Kf3 Kf7 48. Rh8 Rxa2 49. Rb8 Rb2 50. Rxb6 a2 51. Ra6 Rxb3+ 52. Kf4 Rb2
53. g4 Rxh2 0-1

[Event "Team men HL chess 2018"]
[Site "Sochi"]
[Date "2018.05.08"]
[Round "7.1"]
[White "Konaplev, Anton"]
[Black "Novikov, Konstantin"]
[Result "0-1"]
[WhiteElo "2376"]
[BlackElo "2255"]
[PlyCount "118"]
[EventDate "2018.05.01"]

1. d4 Nf6 2. c4 c5 3. d5 b5 4. cxb5 a6 5. bxa6 g6 6. Nc3 Bg7 7. e4 O-O 8. Be2
d6 9. Nf3 Bxa6 10. O-O Nbd7 11. a4 Qb6 12. Ra3 Rfb8 13. Bxa6 Rxa6 14. Qe2 Ne8
15. Nb5 Raa8 16. Nd2 Nc7 17. Nc4 Qb7 18. Nxc7 Qxc7 19. b3 Qb7 20. Qc2 Ne5 21.
Nxe5 Bxe5 22. Bd2 Bd4 23. Rb1 e6 24. dxe6 fxe6 25. Qd3 Rf8 26. Rf1 e5 27. a5
Qa6 28. Qxa6 Rxa6 29. b4 cxb4 30. Bxb4 Rf4 31. Bc3 Rxe4 32. Bxd4 Rxd4 33. g3
Rd5 34. Rfa1 Kf7 35. R1a2 Ke6 36. Kg2 Rb5 37. Kf3 d5 38. h4 e4+ 39. Kf4 Rb8 40.
Ke3 Ke5 41. Ke2 d4 42. Ra4 Rb1 43. f4+ Kd5 44. Rd2 d3+ 45. Ke3 Re1+ 46. Kf2 Rc1
47. Ke3 Rc4 48. Rda2 Rc2 49. Rd4+ Kc5 50. Rda4 Kb5 51. g4 d2 52. Ra1 d1=Q 53.
Rxd1 Kxa4 54. Kxe4 Rxa5 55. Ra1+ Kb4 56. Rxa5 Kxa5 57. Ke5 Rg2 58. f5 Rxg4 59.
f6 Rxh4 0-1

[Event "Team men HL chess 2018"]
[Site "Sochi"]
[Date "2018.05.08"]
[Round "7.2"]
[White "Novikov, Maxim"]
[Black "Rodin, Dmitrij"]
[Result "1-0"]
[WhiteElo "2488"]
[BlackElo "2412"]
[PlyCount "127"]
[EventDate "2018.05.01"]

1. e4 c5 2. Nf3 e6 3. c4 Nc6 4. Nc3 Nge7 5. d4 cxd4 6. Nxd4 Nxd4 7. Qxd4 Nc6 8.
Qe3 Be7 9. Be2 O-O 10. O-O b6 11. Rd1 Bb7 12. Qg3 Bf6 13. Nb5 Qe7 14. Bf4 e5
15. Be3 Nd4 16. Nxd4 exd4 17. Bxd4 Bxe4 18. Bf3 Bxf3 19. Qxf3 Bxd4 20. Rxd4
Rac8 21. Rad1 Rfe8 22. g3 Rc7 23. Qf4 Qd8 24. b3 h6 25. Qg4 Re6 26. Qf4 Qc8 27.
Qd2 Qb7 28. Rd5 Qc8 29. a4 Re7 30. h4 Qe8 31. Kg2 Qa8 32. Kh2 Qe8 33. Qd3 Re2
34. Kg2 Re7 35. Qf5 Re6 36. Qf4 Qc8 37. R1d4 Qb7 38. Kh2 Qc8 39. Qd2 Re7 40.
Rd6 Qe8 41. Qd3 Re2 42. Qf3 Re7 43. Qf4 Rc6 44. Kg2 Rc5 45. R4d5 Rc6 46. Qf3
Rc7 47. Rd4 Re6 48. R6d5 Re7 49. a5 bxa5 50. Rxa5 Re6 51. Rf5 Rcc6 52. b4 a6
53. c5 Re7 54. Rfd5 Rf6 55. Rf5 Rc6 56. Qd5 Rce6 57. Qb3 Qb8 58. Qd3 Qb7+ 59.
Rfd5 Rf6 60. f3 g6 61. h5 gxh5 62. Re4 Rxe4 63. Qxe4 a5 64. Rg5+ 1-0

[Event "Team men HL chess 2018"]
[Site "Sochi"]
[Date "2018.05.08"]
[Round "7.3"]
[White "Kalugin, Sergey G"]
[Black "Sadovsky, Artem"]
[Result "1/2-1/2"]
[WhiteElo "2398"]
[BlackElo "2393"]
[PlyCount "55"]
[EventDate "2018.05.01"]

1. d4 d5 2. c4 c6 3. cxd5 cxd5 4. Nc3 Nf6 5. Nf3 Nc6 6. Bf4 Bf5 7. e3 e6 8. Bd3
Bxd3 9. Qxd3 Bd6 10. Bxd6 Qxd6 11. O-O O-O 12. Rac1 Rac8 13. Ne2 Ne7 14. Rxc8
Rxc8 15. Rc1 Rc6 16. Rxc6 Qxc6 17. Qc3 Qxc3 18. Nxc3 Nc6 19. Kf1 Kf8 20. Ke2
Ke7 21. Kd3 Kd6 22. Nb5+ Ke7 23. Nc3 Kd6 24. Nb5+ Ke7 25. Nc3 Kd6 26. Nb5+ Ke7
27. Nc3 Kd6 28. Nb5+ 1/2-1/2

[Event "Team men HL chess 2018"]
[Site "Sochi"]
[Date "2018.05.08"]
[Round "7.4"]
[White "Shkurkin, Andrey"]
[Black "Pogosian, Georgy"]
[Result "1-0"]
[WhiteElo "2239"]
[BlackElo "2155"]
[PlyCount "57"]
[EventDate "2018.05.01"]

1. d4 Nf6 2. c4 e6 3. g3 c5 4. Nf3 cxd4 5. Nxd4 d5 6. Bg2 e5 7. Nf3 d4 8. O-O
Nc6 9. e3 Bc5 10. exd4 exd4 11. Re1+ Be6 12. Bf4 O-O 13. Nbd2 a6 14. Rc1 Qd7
15. Nb3 Bb4 16. Bd2 Be7 17. Na5 Nb4 18. Ne5 Qc7 19. Qa4 b6 20. Nb3 a5 21. a3
Na6 22. Bxa8 Rxa8 23. Qc6 Qd8 24. Nxd4 Bh3 25. Qf3 Bd6 26. Ndc6 Qc8 27. Bg5 Be6
28. Rcd1 Bf8 29. Rd8 1-0

[Event "Team men HL chess 2018"]
[Site "Sochi"]
[Date "2018.05.08"]
[Round "7.1"]
[White "Airapetian, Gor"]
[Black "Jary, Sergey"]
[Result "1-0"]
[WhiteElo "2437"]
[BlackElo "2297"]
[PlyCount "79"]
[EventDate "2018.05.01"]

1. d4 Nf6 2. c4 e6 3. Nf3 d5 4. Nc3 c5 5. cxd5 Nxd5 6. e4 Nxc3 7. bxc3 cxd4 8.
cxd4 Bb4+ 9. Bd2 Qa5 10. Rb1 Bxd2+ 11. Qxd2 Qxd2+ 12. Kxd2 O-O 13. Bb5 a6 14.
Bd3 Nc6 15. Rhc1 Rd8 16. Ke3 Ra7 17. Rb6 Bd7 18. d5 exd5 19. exd5 Re8+ 20. Kd2
Ne7 21. Ne5 Nxd5 22. Nxd7 Nxb6 23. Nxb6 Rd8 24. a4 a5 25. Rc7 g6 26. Kc3 Kg7
27. Bc4 Rf8 28. Kd4 g5 29. g4 Kg6 30. Kc5 h5 31. h3 hxg4 32. hxg4 Kg7 33. Bd5
Kg6 34. Be4+ Kh6 35. f3 Kg7 36. Bd3 Kh6 37. Kd6 Rd8+ 38. Rd7 Rf8 39. Kc7 Kg7
40. Rd8 1-0

[Event "Team men HL chess 2018"]
[Site "Sochi"]
[Date "2018.05.08"]
[Round "7.2"]
[White "Shemyakin, Valeriy"]
[Black "Grigorjev, Iljya"]
[Result "1-0"]
[WhiteElo "2266"]
[BlackElo "2318"]
[PlyCount "95"]
[EventDate "2018.05.01"]

1. d4 Nf6 2. c4 g6 3. d5 Bg7 4. g3 d6 5. Bg2 O-O 6. Nc3 Nh5 7. e4 e5 8. Nf3 h6
9. O-O Qe8 10. Re1 Na6 11. a3 f5 12. exf5 gxf5 13. Nd4 Nf6 14. b4 Rb8 15. Ndb5
Bd7 16. Nxa7 Qf7 17. Nab5 f4 18. Ra2 Ng4 19. f3 Qh5 20. h3 Nf6 21. g4 Qh4 22.
Ne4 h5 23. Nbc3 hxg4 24. hxg4 Nxg4 25. fxg4 f3 26. Bxf3 Rxf3 27. Qxf3 Qxe1+ 28.
Qf1 Qxf1+ 29. Kxf1 Bxg4 30. c5 dxc5 31. b5 Rf8+ 32. Rf2 Nb8 33. Rxf8+ Kxf8 34.
Nxc5 Bc8 35. Bg5 Ke8 36. N3e4 Bf8 37. a4 b6 38. Ne6 Bxe6 39. dxe6 c6 40. Nf6+
Ke7 41. Nh7+ Kxe6 42. Nxf8+ Kf7 43. Nd7 cxb5 44. Nxb8 bxa4 45. Ke2 Ke6 46. Kd3
Kd5 47. Na6 e4+ 48. Kc3 1-0

[Event "Team men HL chess 2018"]
[Site "Sochi"]
[Date "2018.05.08"]
[Round "7.3"]
[White "Grachev, Andrey"]
[Black "Kurbedinov, Ramis"]
[Result "1/2-1/2"]
[WhiteElo "2189"]
[BlackElo "2309"]
[PlyCount "103"]
[EventDate "2018.05.01"]

1. e4 d6 2. d4 Nf6 3. Nc3 g6 4. Be3 c6 5. Qd2 b5 6. f3 Nbd7 7. g4 Nb6 8. Bd3
Nc4 9. Bxc4 bxc4 10. e5 Nd5 11. Nxd5 cxd5 12. exd6 Qxd6 13. Bf4 Qb6 14. c3 h5
15. g5 Bg7 16. h4 O-O 17. Kf1 a5 18. Re1 Qb7 19. Rh2 Bf5 20. Kg2 a4 21. a3 Ra6
22. Kh1 Rb6 23. Rhe2 e6 24. Kh2 Ra8 25. Nh3 Bd3 26. Rg2 Ra5 27. Qf2 Bf8 28. Rd1
Rab5 29. Rd2 Bg7 30. Be5 Bxe5+ 31. dxe5 Qb8 32. Qe3 Rxb2 33. Nf4 Bf5 34. Kg3
Rxd2 35. Rxd2 Rb3 36. Ne2 Qb6 37. Nd4 Bd3 38. Qf2 Rb1 39. Kg2 Rf1 40. Qe3 Ra1
41. Qf2 Qb1 42. Rb2 Qh1+ 43. Kg3 Rf1 44. Qh2 Rg1+ 45. Kf4 Qxh2+ 46. Rxh2 Rb1
47. Ra2 Kf8 48. Ke3 Ke8 49. Nc6 Rb3 50. Kd4 Bb1 51. Ra1 Rb2 52. Nb4 1/2-1/2

[Event "Team men HL chess 2018"]
[Site "Sochi"]
[Date "2018.05.08"]
[Round "7.4"]
[White "Derjabin, Ilja"]
[Black "Ajrapetian, Gevorg"]
[Result "1-0"]
[WhiteElo "2360"]
[BlackElo "2398"]
[PlyCount "59"]
[EventDate "2018.05.01"]

1. Nf3 g6 2. g3 Bg7 3. Bg2 e5 4. O-O Ne7 5. d4 e4 6. Ne1 d5 7. c4 c6 8. Nc3 O-O
9. Nc2 Be6 10. Bf4 Nf5 11. cxd5 cxd5 12. Bxb8 Rxb8 13. e3 h5 14. Na4 b6 15. Qd2
Qd7 16. b3 h4 17. Rfc1 Ne7 18. Nb4 Bg4 19. Rc3 hxg3 20. hxg3 Bf6 21. Rac1 Kg7
22. Nc6 Nxc6 23. Rxc6 Rh8 24. Qb4 Be7 25. Qb5 Bf3 26. Rxg6+ Kxg6 27. Qxd7 Bf6
28. Bxf3 exf3 29. Qg4+ Bg5 30. Qxf3 1-0